[Event "4. Copenhagen Open Politiken Cup"]
[Site "Brndby"]
[Date "1982.??.??"]
[Round "2"]
[White "Fedder, Steen"]
[Black "Heinbuch, Detlef"]
[Result "1-0"]
[WhiteElo "2420"]
[BlackElo "2300"]
[PlyCount "85"]
[EventDate "1982.??.??"]
[EventType "swiss"]
[EventRounds "10"]
[EventCountry "DEN"]
[SourceDate "2004.01.01"]

1. d4 d5 2. c4 dxc4 3. Nf3 Nf6 4. Qa4+ c6 5. Qxc4 Bf5 6. g3 e6 7. Bg2 Be7 8.
O-O Nbd7 9. Nc3 Ne4 10. Bf4 O-O 11. Rac1 a5 12. a4 Qb6 13. Nh4 Nd6 14. Bxd6
Bxd6 15. Nxf5 exf5 16. Bh3 Qb4 17. Qd3 g6 18. e4 fxe4 19. Nxe4 Nb6 20. Rc3 Bc7
21. Rb3 Qe7 22. Nc5 Bd8 23. Qe3 Nd5 24. Qxe7 Bxe7 25. Nd7 Bb4 26. Nxf8 Kxf8 27.
Rd3 Ke7 28. Rc1 Kd6 29. Bg2 Nc7 30. Kf1 Re8 31. f4 f6 32. Kf2 Rd8 33. Rdd1 Nd5
34. Rc2 f5 35. Bxd5 Kxd5 36. Rc5+ Ke6 37. Re5+ Kf7 38. Kf3 b6 39. b3 Bd6 40.
Re2 b5 41. Rc2 bxa4 42. bxa4 Rb8 43. Rxc6 1-0

[Event "4. Copenhagen Open Politiken Cup"]
[Site "Brndby"]
[Date "1982.??.??"]
[Round "2"]
[White "Gulbrandsen, Arne Vinje"]
[Black "Jahr, Ulrich"]
[Result "1-0"]
[WhiteElo "2370"]
[BlackElo "2240"]
[PlyCount "145"]
[EventDate "1982.??.??"]
[EventType "swiss"]
[EventRounds "10"]
[EventCountry "DEN"]
[SourceDate "2004.01.01"]

1. e4 e6 2. d4 d5 3. Nc3 Bb4 4. e5 c5 5. a3 Bxc3+ 6. bxc3 Ne7 7. Nf3 Bd7 8. a4
Qa5 9. Bd2 Nbc6 10. Bd3 c4 11. Bf1 f6 12. g3 fxe5 13. dxe5 Ng6 14. Bh3 O-O 15.
O-O Ncxe5 16. Nd4 Rae8 17. Re1 Rf6 18. Bg5 Rff8 19. f4 Nf7 20. Bxe6 Bxe6 21.
Nxe6 Qb6+ 22. Nd4 h6 23. Bh4 Nxh4 24. gxh4 Qg6+ 25. Kh1 Nd6 26. Qf3 Re4 27.
Rxe4 Qxe4 28. Qxe4 dxe4 29. Ne2 Kf7 30. Rd1 Ke7 31. Kg2 Rf5 32. Rd4 Ra5 33. Ng3
Rxa4 34. Nxe4 Nf5 35. Rd2 Ra2 36. Kf3 Ra5 37. Ng3 g6 38. Re2+ Kd6 39. Ne4+ Kc7
40. Rd2 Rb5 41. h5 gxh5 42. Nf6 Nd6 43. Ne4 Nf5 44. Nf6 a5 45. Nd5+ Kd6 46. Ke4
Rc5 47. Nb6+ Ke6 48. Rg2 Nd6+ 49. Kd4 Rc6 50. Nd5 a4 51. Re2+ Kd7 52. Re7+ Kd8
53. Re1 b5 54. Nb4 Rc7 55. Kd5 Nb7 56. Nc6+ Kd7 57. Re7+ Kc8 58. Re8+ Kd7 59.
Re7+ Kc8 60. Na7+ Kb8 61. Rxc7 Kxc7 62. Nxb5+ Kd7 63. Na3 Ke7 64. Nxc4 Kf6 65.
Na3 Nd8 66. c4 Ne6 67. Kd6 Nxf4 68. c5 Ng6 69. c6 Ne7 70. c4 h4 71. c5 Nc8+ 72.
Kc7 Ne7 73. Kd7 1-0

[Event "4. Copenhagen Open Politiken Cup"]
[Site "Brndby"]
[Date "1982.??.??"]
[Round "2"]
[White "Hansen, Curt"]
[Black "Carlsson, Gerner"]
[Result "1-0"]
[WhiteElo "2335"]
[BlackElo "2210"]
[PlyCount "75"]
[EventDate "1982.??.??"]
[EventType "swiss"]
[EventRounds "10"]
[EventCountry "DEN"]
[SourceDate "2004.01.01"]

1. Nf3 Nf6 2. d4 d5 3. c4 e6 4. Bg5 Be7 5. Nc3 O-O 6. e3 Nbd7 7. cxd5 exd5 8.
Bd3 c6 9. Qc2 Re8 10. O-O Nf8 11. Rab1 a5 12. a3 Ne4 13. Bxe7 Qxe7 14. Bxe4
dxe4 15. Nd2 Bf5 16. f3 Qg5 17. f4 Qg6 18. Ne2 h5 19. Ng3 Nd7 20. Nc4 Red8 21.
Ne5 Qh7 22. h3 h4 23. Nxf5 Qxf5 24. Nf3 Nf6 25. Nxh4 Qh5 26. Qf2 Nd5 27. Rbe1
f5 28. Kh2 a4 29. Rg1 Nf6 30. g4 fxg4 31. Qg3 c5 32. hxg4 Qh7 33. g5 Ne8 34.
dxc5 Rd2+ 35. Rg2 Rdd8 36. Qg4 g6 37. Qe6+ Qf7 38. Qxg6+ 1-0

[Event "4. Copenhagen Open Politiken Cup"]
[Site "Brndby"]
[Date "1982.??.??"]
[Round "2"]
[White "Hazai, Laszlo"]
[Black "Fries Nielsen, Jens Ove"]
[Result "1-0"]
[WhiteElo "2450"]
[BlackElo "2355"]
[PlyCount "79"]
[EventDate "1982.??.??"]
[EventType "swiss"]
[EventRounds "10"]
[EventCountry "DEN"]
[SourceDate "2004.01.01"]

1. e4 e5 2. Nf3 d6 3. d4 Nf6 4. Nc3 Nbd7 5. Bc4 Be7 6. O-O O-O 7. a4 a5 8. h3
c6 9. Ba2 Ne8 10. Be3 Nc7 11. Bc4 Bf6 12. Qd2 exd4 13. Nxd4 Nc5 14. Rad1 Re8
15. f3 Qe7 16. Rfe1 N7a6 17. Kh1 Nb4 18. Nb3 Be6 19. Bxe6 Nxe6 20. Nb1 Bh4 21.
Rf1 Bg3 22. Na3 d5 23. c3 Na6 24. exd5 Rad8 25. Nc4 Rxd5 26. Qc1 Rh5 27. f4
Nac7 28. Nd6 Rd8 29. Nxb7 Rxd1 30. Qxd1 Rh4 31. N3xa5 Nd5 32. Nxc6 Qxb7 33.
Qxd5 Qxb2 34. Bg1 Rxf4 35. Rxf4 Bxf4 36. Nd8 Qe2 37. a5 h6 38. Nxe6 fxe6 39.
Qf3 Qc4 40. a6 1-0

[Event "4. Copenhagen Open Politiken Cup"]
[Site "Brndby"]
[Date "1982.??.??"]
[Round "2"]
[White "Hjartarson, Johann"]
[Black "Johansen, Darryl Keith"]
[Result "1-0"]
[WhiteElo "2425"]
[BlackElo "2275"]
[PlyCount "101"]
[EventDate "1982.??.??"]
[EventType "swiss"]
[EventRounds "10"]
[EventCountry "DEN"]
[SourceDate "2004.01.01"]

1. e4 c5 2. Nf3 Nc6 3. d4 cxd4 4. Nxd4 a6 5. c4 e5 6. Nf5 d6 7. Ne3 g6 8. Nc3
Bg7 9. Ned5 Nge7 10. Be3 Nd4 11. Bg5 f6 12. Nxf6+ Bxf6 13. Bxf6 O-O 14. Nd5
Rxf6 15. Nxf6+ Kg7 16. Nd5 Nxd5 17. cxd5 Bg4 18. Qd2 Bf3 19. h4 Bxe4 20. Rc1 h6
21. h5 g5 22. Rh3 Bxd5 23. Qd3 Bf7 24. Qe4 Qd7 25. Re3 Ne6 26. Rb3 Rb8 27. Bd3
Nf8 28. Rbc3 d5 29. Qf5 e4 30. Rc7 Qe6 31. Rxf7+ Qxf7 32. Qe5+ Kg8 33. Qxb8
exd3 34. Qe5 d2+ 35. Kxd2 Qxf2+ 36. Qe2 Qf4+ 37. Kc2 Qf5+ 38. Qd3 Qf2+ 39. Kb1
Qxg2 40. Rd1 Qe4 41. Qxe4 dxe4 42. Re1 Nd7 43. Rxe4 Nf6 44. Re7 g4 45. Kc1 Nxh5
46. Kd2 Ng3 47. Rxb7 h5 48. Ke3 Nf5+ 49. Kf4 g3 50. Rb6 Ne7 51. Kxg3 1-0

[Event "4. Copenhagen Open Politiken Cup"]
[Site "Brndby"]
[Date "1982.??.??"]
[Round "2"]
[White "Hoi, Carsten"]
[Black "Kraehenbuehl, Gerhard"]
[Result "1-0"]
[WhiteElo "2425"]
[BlackElo "2305"]
[PlyCount "75"]
[EventDate "1982.??.??"]
[EventType "swiss"]
[EventRounds "10"]
[EventCountry "DEN"]
[SourceDate "2004.01.01"]

1. d4 Nf6 2. c4 g6 3. Nc3 Bg7 4. e4 O-O 5. Nf3 d6 6. h3 e5 7. d5 a5 8. Be3 Na6
9. Nd2 Nc5 10. Be2 Ne8 11. g4 f5 12. gxf5 gxf5 13. Qc2 f4 14. Bxc5 dxc5 15. Bg4
Nd6 16. O-O-O Bxg4 17. hxg4 f3 18. Nb5 Rf7 19. Kb1 Qd7 20. Nxd6 cxd6 21. Rdg1
b5 22. cxb5 Qxb5 23. Nc4 Bf8 24. g5 Rg7 25. Rh3 Be7 26. Rxf3 Rxg5 27. Rxg5+
Bxg5 28. Rb3 Qd7 29. Rg3 h6 30. Nb6 Qb5 31. Rxg5+ hxg5 32. Nxa8 Qb8 33. Qd2 Qd8
34. Qe3 Kg7 35. Qh3 Kg6 36. Qe6+ Kh5 37. Qf7+ Kg4 38. Nc7 1-0

[Event "4. Copenhagen Open Politiken Cup"]
[Site "Brndby"]
[Date "1982.??.??"]
[Round "2"]
[White "Horvath, Tamas"]
[Black "Boehm, Jurgen"]
[Result "1-0"]
[WhiteElo "2400"]
[BlackElo "2250"]
[PlyCount "69"]
[EventDate "1982.??.??"]
[EventType "swiss"]
[EventRounds "10"]
[EventCountry "DEN"]
[SourceDate "2004.01.01"]

1. e4 e6 2. d3 d5 3. Nd2 Nf6 4. Ngf3 Nc6 5. c3 a5 6. Qa4 Be7 7. Be2 O-O 8. O-O
Qe8 9. Qc2 dxe4 10. dxe4 e5 11. Bb5 Bc5 12. Nc4 Qe6 13. Ne3 Bxe3 14. Bxe3 b6
15. Ng5 Qe8 16. f4 Ng4 17. Qe2 Nxe3 18. Qxe3 Ba6 19. Bxa6 Rxa6 20. f5 h6 21. f6
Nd8 22. fxg7 Kxg7 23. Nf3 Qe7 24. Rad1 Ne6 25. Nxe5 Qc5 26. Qxc5 Nxc5 27. Rf4
b5 28. Rd5 Nb7 29. Rd7 Rf6 30. Rxf6 Kxf6 31. Rxc7 Kxe5 32. Rxb7 Kxe4 33. Rxb5
Rd8 34. a4 Rd2 35. b4 1-0

[Event "4. Copenhagen Open Politiken Cup"]
[Site "Brndby"]
[Date "1982.??.??"]
[Round "2"]
[White "Iskov, Gert"]
[Black "Brondum, Eric"]
[Result "1-0"]
[WhiteElo "2380"]
[BlackElo "2275"]
[PlyCount "53"]
[EventDate "1982.??.??"]
[EventType "swiss"]
[EventRounds "10"]
[EventCountry "DEN"]
[SourceDate "2004.01.01"]

1. e4 c5 2. Nf3 Nf6 3. Nc3 d6 4. d4 cxd4 5. Nxd4 a6 6. Be2 e5 7. Nb3 Be7 8. O-O
Be6 9. Be3 O-O 10. a4 Qc7 11. Qd2 Nbd7 12. a5 Rac8 13. Rfc1 Rfd8 14. Nd5 Nxd5
15. exd5 Bf5 16. c4 Bg6 17. Ra4 f5 18. f4 exf4 19. Bxf4 Nc5 20. Nxc5 Qxc5+ 21.
Kh1 Qf2 22. Be3 Qh4 23. Rb4 Rb8 24. c5 Qf6 25. c6 bxc6 26. Rxb8 Rxb8 27. dxc6
1-0

[Event "4. Copenhagen Open Politiken Cup"]
[Site "Brndby"]
[Date "1982.??.??"]
[Round "2"]
[White "Kaiszauri, Konstanty"]
[Black "Wicker, Kevin J"]
[Result "1-0"]
[WhiteElo "2395"]
[BlackElo "2275"]
[PlyCount "55"]
[EventDate "1982.??.??"]
[EventType "swiss"]
[EventRounds "10"]
[EventCountry "DEN"]
[SourceDate "2004.01.01"]

1. c4 g6 2. g3 Bg7 3. Bg2 d6 4. Nc3 c5 5. e3 Nc6 6. Nge2 e5 7. Nd5 f5 8. d3 Nf6
9. Nec3 O-O 10. O-O Rb8 11. a3 Ne7 12. b4 Nfxd5 13. Nxd5 Be6 14. Bd2 Bxd5 15.
cxd5 cxb4 16. axb4 Ra8 17. Qa4 Nc8 18. Rfc1 Nb6 19. Qb5 Rf7 20. e4 Qf8 21. exf5
gxf5 22. Ra2 Bh6 23. f4 exf4 24. gxf4 Qd8 25. Kh1 Qh4 26. Rg1 Rg7 27. Rxa7 Rxa7
28. Qe8# 1-0

[Event "4. Copenhagen Open Politiken Cup"]
[Site "Brndby"]
[Date "1982.??.??"]
[Round "2"]
[White "King, Daniel J"]
[Black "Westerinen, Heikki"]
[Result "1/2-1/2"]
[WhiteElo "2365"]
[BlackElo "2440"]
[PlyCount "94"]
[EventDate "1982.??.??"]
[EventType "swiss"]
[EventRounds "10"]
[EventCountry "DEN"]
[SourceDate "2004.01.01"]

1. Nf3 Nf6 2. g3 c5 3. Bg2 Nc6 4. c4 e5 5. Nc3 d6 6. d3 Be7 7. a3 O-O 8. O-O h6
9. Rb1 a5 10. Ne1 Be6 11. Nc2 d5 12. cxd5 Nxd5 13. Bd2 a4 14. Nxd5 Bxd5 15.
Bxd5 Qxd5 16. Bc3 b5 17. b4 axb3 18. Ne3 Qe6 19. Qxb3 Qxb3 20. Rxb3 b4 21. axb4
cxb4 22. Ba1 Ra2 23. Nd5 Bd6 24. Rc1 Na5 25. Rb2 Ra3 26. Rbb1 Nb3 27. Rd1 Nxa1
28. Rxa1 Rb8 29. Ne3 Bc5 30. Nc4 Rxa1 31. Rxa1 Bd4 32. Rb1 b3 33. Kf1 f5 34. e3
Bc3 35. Ke2 Kf7 36. Nd2 b2 37. Kd1 e4 38. Kc2 Bxd2 39. Kxd2 exd3 40. Kxd3 Ke6
41. Kc3 Kd5 42. Rxb2 Rxb2 43. Kxb2 Ke4 44. Kc3 Kf3 45. Kd4 Kxf2 46. Ke5 Kxe3
47. Kxf5 Kf3 1/2-1/2

[Event "4. Copenhagen Open Politiken Cup"]
[Site "Brndby"]
[Date "1982.??.??"]
[Round "2"]
[White "Kopec, Danny"]
[Black "Gallmeyer, Peter"]
[Result "1-0"]
[WhiteElo "2375"]
[BlackElo "2225"]
[PlyCount "83"]
[EventDate "1982.??.??"]
[EventType "swiss"]
[EventRounds "10"]
[EventCountry "DEN"]
[SourceDate "2004.01.01"]

1. d4 Nf6 2. Nf3 g6 3. g3 Bg7 4. Bg2 O-O 5. O-O d5 6. c4 dxc4 7. Nc3 c5 8. dxc5
Qa5 9. Qd4 Na6 10. Qxc4 Qxc5 11. Qh4 Qb4 12. Qxb4 Nxb4 13. Rd1 Nc2 14. Rb1 Bf5
15. Nh4 Be6 16. Bxb7 Rab8 17. Bg2 Rfc8 18. Bf4 Rb6 19. Nf3 Bf5 20. Nh4 Be6 21.
Na4 Rb5 22. Nc3 Rb6 23. Nf3 Bf5 24. Na4 Ra6 25. b3 Nh5 26. Nh4 Nxf4 27. gxf4
Na3 28. Nxf5 gxf5 29. Rbc1 Rxc1 30. Rxc1 Bh6 31. Rc8+ Kg7 32. Nc5 Rd6 33. Nd3
Nb5 34. Rc5 Nd4 35. Kf1 Ra6 36. Nb4 Rd6 37. e3 a5 38. Rxa5 Ne6 39. Rd5 Rb6 40.
Nd3 Rc6 41. a4 Rc3 42. b4 1-0

[Event "4. Copenhagen Open Politiken Cup"]
[Site "Brndby"]
[Date "1982.??.??"]
[Round "2"]
[White "Kovacs, Laszlo"]
[Black "Jensen, Vagn"]
[Result "1-0"]
[WhiteElo "2340"]
[BlackElo "2220"]
[PlyCount "75"]
[EventDate "1982.??.??"]
[EventType "swiss"]
[EventRounds "10"]
[EventCountry "DEN"]
[SourceDate "2004.01.01"]

1. e4 e5 2. Bc4 d6 3. Nf3 Nc6 4. c3 Qf6 5. d3 h6 6. Be3 Nge7 7. Nbd2 g5 8. h4
g4 9. Ng1 h5 10. Ne2 Bh6 11. Nf1 Be6 12. Qd2 d5 13. Bb5 O-O-O 14. Nfg3 Qg6 15.
Bxh6 Rxh6 16. Qe3 Kb8 17. O-O f5 18. exf5 Nxf5 19. Nxf5 Bxf5 20. Bxc6 Qxc6 21.
Ng3 Bh7 22. Qxe5 Bxd3 23. Rfd1 Ba6 24. Rd2 b6 25. Nf5 Qe6 26. Re1 Re8 27. Rxd5
Rf6 28. Nd4 Qxe5 29. Rdxe5 Rxe5 30. Rxe5 c5 31. Nf5 Bc8 32. Ne3 Rd6 33. Rd5
Rxd5 34. Nxd5 Be6 35. Nf4 Bxa2 36. Nxh5 Bf7 37. Nf6 a5 38. Kf1 1-0

[Event "4. Copenhagen Open Politiken Cup"]
[Site "Brndby"]
[Date "1982.??.??"]
[Round "2"]
[White "Sahl, Bjarke"]
[Black "Sorensen, Henrik"]
[Result "1/2-1/2"]
[WhiteElo "2380"]
[BlackElo "2235"]
[PlyCount "81"]
[EventDate "1982.??.??"]
[EventType "swiss"]
[EventRounds "10"]
[EventCountry "DEN"]
[SourceDate "2004.01.01"]

1. c4 e5 2. Nc3 Nf6 3. g3 Bb4 4. Bg2 O-O 5. e4 Bxc3 6. bxc3 c6 7. Ne2 d5 8.
cxd5 cxd5 9. exd5 Nxd5 10. O-O Nc6 11. Re1 Bg4 12. Qc2 Rc8 13. Qe4 Be6 14. a4
f5 15. Qb1 Qd7 16. Ba3 Rf6 17. c4 Nb6 18. d3 f4 19. Nc3 f3 20. Bh1 Bf5 21. Bxf3
Nd4 22. Bg2 Bh3 23. Ne4 Rh6 24. Bc1 Bxg2 25. Bxh6 Qh3 26. f4 gxh6 27. Qb2 Nf3+
28. Kf2 Qxh2 29. Nf6+ Kf7 30. Ng4 Qh5 31. Nxe5+ Nxe5 32. Qxe5 Qf3+ 33. Kg1 Bh3
34. Qe4 Qxe4 35. Rxe4 Bf5 36. Rd4 Nd7 37. Re1 Rc5 38. Rb1 b6 39. Rb5 Ke6 40.
Kf2 a6 41. Rb1 1/2-1/2

[Event "4. Copenhagen Open Politiken Cup"]
[Site "Brndby"]
[Date "1982.??.??"]
[Round "2"]
[White "Moe, Mogens"]
[Black "Hartung Nielsen, Jens"]
[Result "0-1"]
[WhiteElo "2365"]
[BlackElo "2240"]
[PlyCount "52"]
[EventDate "1982.??.??"]
[EventType "swiss"]
[EventRounds "10"]
[EventCountry "DEN"]
[SourceDate "2004.01.01"]

1. e4 e5 2. Nf3 d6 3. d4 exd4 4. Nxd4 g6 5. Nc3 Bg7 6. Be2 Nc6 7. Nb3 Nf6 8.
Bg5 h6 9. Bh4 O-O 10. f4 Re8 11. O-O Be6 12. Bf3 Qc8 13. h3 a5 14. Nd2 Nd4 15.
g4 Bd7 16. Bf2 Nxf3+ 17. Qxf3 Bc6 18. Rae1 Nd7 19. Qg3 b5 20. b3 Qb7 21. Qd3
Nc5 22. Bxc5 dxc5 23. Nd5 Bd4+ 24. Kh2 Bxd5 25. exd5 Qxd5 26. c3 Bg1+ 0-1

[Event "4. Copenhagen Open Politiken Cup"]
[Site "Brndby"]
[Date "1982.??.??"]
[Round "2"]
[White "Portisch, Ferenc"]
[Black "Hvenekilde, Jorgen"]
[Result "1-0"]
[WhiteElo "2410"]
[BlackElo "2285"]
[PlyCount "55"]
[EventDate "1982.??.??"]
[EventType "swiss"]
[EventRounds "10"]
[EventCountry "DEN"]
[SourceDate "2004.01.01"]

1. d4 Nf6 2. c4 g6 3. Nc3 Bg7 4. Nf3 O-O 5. Bf4 d6 6. h3 Nfd7 7. Qd2 Re8 8. Rd1
c5 9. d5 Na6 10. Bh6 Bh8 11. h4 Ne5 12. Nxe5 Bxe5 13. h5 e6 14. hxg6 fxg6 15.
g3 Qa5 16. Bg2 Nc7 17. Bf4 Bxc3 18. bxc3 exd5 19. Bxd6 Bg4 20. f3 Rad8 21. Qh6
Qxc3+ 22. Kf1 Rxd6 23. Qxh7+ Kf8 24. Qxc7 Rc6 25. Qf4+ Bf5 26. cxd5 Rb6 27. g4
Qc2 28. Rd2 1-0

[Event "4. Copenhagen Open Politiken Cup"]
[Site "Brndby"]
[Date "1982.??.??"]
[Round "2"]
[White "Ravikumar, Vaidyanathan"]
[Black "Cox, John J"]
[Result "0-1"]
[WhiteElo "2395"]
[BlackElo "2285"]
[PlyCount "81"]
[EventDate "1982.??.??"]
[EventType "swiss"]
[EventRounds "10"]
[EventCountry "DEN"]
[SourceDate "2004.01.01"]

1. d4 e6 2. c4 Nf6 3. Nc3 Bb4 4. Qc2 O-O 5. Bg5 d5 6. e3 Nbd7 7. cxd5 exd5 8.
Nf3 c5 9. Bd3 h6 10. Bh4 cxd4 11. Nxd4 Ne5 12. O-O Be6 13. Bf5 Re8 14. a3 Bxc3
15. Qxc3 Bxf5 16. Nxf5 Ne4 17. Bxd8 Nxc3 18. Bh4 Na4 19. Ne7+ Kf8 20. Nxd5 Rac8
21. Rfc1 Nd3 22. Be7+ Kg8 23. Rxc8 Rxc8 24. b3 Nc3 25. Nb4 Nc1 26. e4 Nxb3 27.
Re1 Nxe4 28. f3 Nc3 29. Re3 Nd4 30. Kf1 a5 31. Nd3 f6 32. Bc5 Nf5 33. Re6 Rd8
34. Nb2 Kf7 35. Rb6 Rd7 36. Nc4 Rc7 37. Nd6+ Nxd6 38. Bxd6 Rd7 39. Bg3 Ke7 40.
Be1 Nd5 41. Rb5 0-1

[Event "4. Copenhagen Open Politiken Cup"]
[Site "Brndby"]
[Date "1982.??.??"]
[Round "2"]
[White "Schneider, Lars Ake"]
[Black "Wiedenkeller, Michael"]
[Result "1/2-1/2"]
[WhiteElo "2435"]
[BlackElo "2320"]
[PlyCount "151"]
[EventDate "1982.??.??"]
[EventType "swiss"]
[EventRounds "10"]
[EventCountry "DEN"]
[SourceDate "2004.01.01"]

1. c4 e5 2. Nc3 Nc6 3. g3 g6 4. Bg2 Bg7 5. Rb1 d6 6. b4 f5 7. b5 Nce7 8. e3 Nf6
9. Nge2 O-O 10. O-O g5 11. d3 Ng6 12. f4 h6 13. a4 Rb8 14. a5 Re8 15. Bd2 Bd7
16. a6 bxa6 17. bxa6 exf4 18. exf4 gxf4 19. Nxf4 Nxf4 20. Rxf4 c6 21. Qc1 Rb6
22. Rf1 Ng4 23. h3 Rxb1 24. Qxb1 Ne3 25. Re1 Qg5 26. Ne2 f4 27. Qb7 Nxg2 28.
Qxd7 Re7 29. Qc8+ Kh7 30. Kxg2 f3+ 31. Kxf3 Qxd2 32. Qf5+ Kg8 33. Qc8+ Bf8 34.
Qg4+ Rg7 35. Qe6+ Rf7+ 36. Nf4 Qxd3+ 37. Re3 Qd1+ 38. Kg2 Qb1 39. Re1 Qa2+ 40.
Re2 Qxa6 41. Nh5 Bg7 42. Qg6 Qa1 43. Re8+ Rf8 44. Rxf8+ Kxf8 45. Qxd6+ Kg8 46.
Qe6+ Kh7 47. Qe4+ Kg8 48. Qe6+ Kh7 49. Qe4+ Kg8 50. Qxc6 a5 51. h4 a4 52. Qe6+
Kh7 53. c5 Qb2+ 54. Kh3 Qc1 55. Qe4+ Kh8 56. Qe8+ Kh7 57. Qe4+ Kh8 58. Nf4 a3
59. Qe8+ Kh7 60. Qg6+ Kh8 61. Qe8+ Kh7 62. Qe4+ Kh8 63. Qd5 Qf1+ 64. Kg4 Qa6
65. c6 a2 66. c7 a1=Q 67. Qd8+ Kh7 68. c8=Q Qxc8+ 69. Qxc8 Qd1+ 70. Kf5 Qb1+
71. Ke6 Qb3+ 72. Ke7 Qxg3 73. Qf5+ Kh8 74. Ke8 Qe3+ 75. Ne6 Qe4 76. Qxe4
1/2-1/2

[Event "4. Copenhagen Open Politiken Cup"]
[Site "Brndby"]
[Date "1982.??.??"]
[Round "2"]
[White "Spassov, Liuben"]
[Black "Thorsteins, Karl"]
[Result "1/2-1/2"]
[WhiteElo "2410"]
[BlackElo "2305"]
[PlyCount "57"]
[EventDate "1982.??.??"]
[EventType "swiss"]
[EventRounds "10"]
[EventCountry "DEN"]
[SourceDate "2004.01.01"]

1. Nf3 Nf6 2. c4 e6 3. Nc3 d5 4. d4 Bb4 5. Bg5 h6 6. Bxf6 Qxf6 7. e3 c5 8. cxd5
exd5 9. Bb5+ Nc6 10. O-O Bxc3 11. bxc3 O-O 12. dxc5 Qxc3 13. Qxd5 Be6 14. Qh5
Nb4 15. Rfc1 Qf6 16. Nd4 Bxa2 17. Qf5 Qxf5 18. Nxf5 Rfd8 19. c6 bxc6 20. Ne7+
Kf8 21. Nxc6 Nxc6 22. Rxa2 Nb4 23. Ra4 a5 24. g3 Rd5 25. Be2 Ra7 26. Rc8+ Ke7
27. Rc4 Rad7 28. e4 Rb5 29. Rc3 1/2-1/2

[Event "4. Copenhagen Open Politiken Cup"]
[Site "Brndby"]
[Date "1982.??.??"]
[Round "2"]
[White "Sznapik, Aleksander"]
[Black "Jacobsen, Bo"]
[Result "1-0"]
[WhiteElo "2440"]
[BlackElo "2315"]
[PlyCount "72"]
[EventDate "1982.??.??"]
[EventType "swiss"]
[EventRounds "10"]
[EventCountry "DEN"]
[SourceDate "2004.01.01"]

1. e4 e5 2. Nf3 Nc6 3. Bb5 Nf6 4. O-O d6 5. Re1 Bd7 6. c3 Be7 7. d4 O-O 8. Nbd2
Nxd4 9. cxd4 Bxb5 10. Qb3 c6 11. dxe5 dxe5 12. Nxe5 Nd7 13. Ndf3 Nxe5 14. Nxe5
Qd6 15. Bf4 Qe6 16. Qg3 Rad8 17. a4 Ba6 18. h4 Bf6 19. h5 Rfe8 20. Ng4 Bxb2 21.
Rab1 Rd3 22. f3 Bd4+ 23. Kh1 Kh8 24. Red1 f5 25. exf5 Qxf5 26. h6 c5 27. Re1
Rf8 28. Re5 Bxe5 29. Bxe5 Rd7 30. hxg7+ Rxg7 31. Re1 Qg6 32. Bc3 h5 33. Qh4 Kg8
34. Bxg7 Kxg7 35. Re7+ Kg8 36. Ne5 Qf5 1-0

[Event "4. Copenhagen Open Politiken Cup"]
[Site "Brndby"]
[Date "1982.??.??"]
[Round "2"]
[White "Velikov, Petar"]
[Black "Ernst, Thomas"]
[Result "1/2-1/2"]
[WhiteElo "2470"]
[BlackElo "2355"]
[PlyCount "98"]
[EventDate "1982.??.??"]
[EventType "swiss"]
[EventRounds "10"]
[EventCountry "DEN"]
[SourceDate "2004.01.01"]

1. d4 Nf6 2. Nf3 d5 3. c4 e6 4. Nc3 c5 5. cxd5 Nxd5 6. e4 Nxc3 7. bxc3 cxd4 8.
cxd4 Bb4+ 9. Bd2 Bxd2+ 10. Qxd2 O-O 11. Bd3 Nc6 12. e5 Qa5 13. Be4 Bd7 14. Rb1
Rab8 15. Ke2 Qxd2+ 16. Kxd2 Rfc8 17. Rhc1 h6 18. Rc3 Kf8 19. Rbc1 Ke7 20. Ke3
Na5 21. d5 exd5 22. Bxd5 Nc6 23. Bb3 Re8 24. Rd1 Rbd8 25. Rcd3 Be6 26. Rxd8
Rxd8 27. Rxd8 Kxd8 28. Ke4 Bxb3 29. axb3 Kd7 30. Nd2 b5 31. f4 a5 32. f5 Ne7
33. g4 Kc6 34. Kd4 a4 35. bxa4 bxa4 36. Nb1 g5 37. Na3 Nd5 38. Nc4 Nf4 39. Na3
Nh3 40. Ke4 f6 41. Kf3 Nf2 42. Ke3 Nxg4+ 43. Kd3 Kc5 44. Kc2 Nf2 45. Nb1 Kd4
46. h3 fxe5 47. f6 g4 48. h4 g3 49. h5 Ne4 1/2-1/2

[Event "4. Copenhagen Open Politiken Cup"]
[Site "Brndby"]
[Date "1982.??.??"]
[Round "2"]
[White "Akesson, Ralf"]
[Black "Zieher, Hartmut"]
[Result "1-0"]
[WhiteElo "2405"]
[BlackElo "2260"]
[PlyCount "55"]
[EventDate "1982.??.??"]
[EventType "swiss"]
[EventRounds "10"]
[EventCountry "DEN"]
[SourceDate "2004.01.01"]

1. d4 d5 2. c4 dxc4 3. e3 e5 4. Bxc4 exd4 5. exd4 Nf6 6. Nf3 Bd6 7. O-O O-O 8.
Nc3 Nbd7 9. Bb3 h6 10. Re1 Re8 11. Ne5 Re7 12. Bf4 Nf8 13. Qf3 Ne6 14. Ne4 Nxe4
15. Rxe4 Qe8 16. Rae1 Bxe5 17. Bxe5 Ng5 18. Qg3 Bf5 19. Rf4 Bg6 20. h4 Ne6 21.
Bxe6 Rxe6 22. h5 f6 23. hxg6 fxe5 24. Rxe5 Kh8 25. Rf7 Rd8 26. Qf4 Kg8 27. Qf5
Rxe5 28. dxe5 1-0

[Event "4. Copenhagen Open Politiken Cup"]
[Site "Brndby"]
[Date "1982.??.??"]
[Round "3"]
[White "Boehm, Jurgen"]
[Black "Kraehenbuehl, Gerhard"]
[Result "1-0"]
[WhiteElo "2250"]
[BlackElo "2305"]
[PlyCount "75"]
[EventDate "1982.??.??"]
[EventType "swiss"]
[EventRounds "10"]
[EventCountry "DEN"]
[SourceDate "2004.01.01"]

1. d4 Nf6 2. Nc3 g6 3. Nf3 Bg7 4. e4 d6 5. Be2 O-O 6. O-O c6 7. a4 b6 8. Re1
Qc7 9. Bc4 e5 10. dxe5 dxe5 11. Qe2 h6 12. b3 Re8 13. Ba3 Nbd7 14. Bxf7+ Kxf7
15. Qc4+ Re6 16. Nb5 cxb5 17. Qxc7 Ne8 18. Qc3 Bb7 19. Qd3 Nef6 20. axb5 a5 21.
bxa6 Bxa6 22. c4 Bb7 23. Nd2 Ke8 24. Bb4 Rd8 25. Ra7 Nc5 26. Qh3 Re7 27. Bxc5
bxc5 28. Nf1 Kf8 29. Qc3 Rd4 30. Qa5 Kf7 31. Qb6 Rdd7 32. f3 Ne8 33. Ne3 Bf8
34. Rd1 Rxd1+ 35. Nxd1 Bc8 36. Qxc5 Bd7 37. Qd5+ Be6 38. Rxe7+ 1-0

[Event "4. Copenhagen Open Politiken Cup"]
[Site "Brndby"]
[Date "1982.??.??"]
[Round "3"]
[White "Carlsson, Gerner"]
[Black "Sorensen, Bent"]
[Result "0-1"]
[WhiteElo "2210"]
[BlackElo "2305"]
[PlyCount "48"]
[EventDate "1982.??.??"]
[EventType "swiss"]
[EventRounds "10"]
[EventCountry "DEN"]
[SourceDate "2004.01.01"]

1. d4 d5 2. c4 e6 3. Nf3 c6 4. e3 Nf6 5. Nc3 Nbd7 6. Qc2 Bd6 7. e4 dxe4 8. Nxe4
Nxe4 9. Qxe4 c5 10. Bg5 Qa5+ 11. Bd2 Qc7 12. Bd3 cxd4 13. O-O Nc5 14. Qxd4 e5
15. Rfe1 Be6 16. Qe3 f6 17. Bc2 a5 18. b3 O-O 19. a3 b6 20. b4 Nd7 21. Rac1
axb4 22. axb4 Rfe8 23. Red1 Bf7 24. Qd3 e4 0-1